Guess The KPOP Song By English Lyrics - Statistics

General Stats
  • This quiz has been taken 212 times
  • The average score is 3 of 15
Answer Stats
Hint Answer % Correct
"I wanna big house,big cars & big rings" No more dream
79%
"We're so young,We're so freaky" Go
51%
"You got got the rhythm" Move
24%
"Cold eyes ice dive" Baby don't stop
21%
"Bling Bling on my body" Black Dress
21%
"So what i get drunk" Daydream
21%
"Now or Never Pick up Pick up" BBOOM BBOOM
20%
"I promise you I promise you" I.P.U
16%
"Cause i'm the supernova" Mama Mia
7%
"I wanna go right now" Check In
5%
"Let her sleep well Yeah" She's a baby
4%
"I luv you in my mind" Tell Me
4%
"You're my producer" On/Off
3%
"Treat you like a gentleman" Diamond Girl
2%
"Everybody must know that she's so evil" She's gone
1%
No matching quizzes found
Score Distribution
Percent of People with Each Score
Percentile by Number Answered
Your Score History
You have not taken this quiz